UITU Library & LRC     

Entity-oriented search (Record no. 17556)

MARC details
000 -LEADER
fixed length control field 00489nam a2200181Ia 4500
008 - FIXED-LENGTH DATA ELEMENTS--GENERAL INFORMATION
fixed length control field 240925s9999 xx 000 0 und d
020 ## - INTERNATIONAL STANDARD BOOK NUMBER
International Standard Book Number 9783319939339
082 ## - DEWEY DECIMAL CLASSIFICATION NUMBER
Classification number 025.04 BAL
100 ## - MAIN ENTRY--PERSONAL NAME
Personal name Balog, Krisztian
245 #0 - TITLE STATEMENT
Title Entity-oriented search
250 ## - EDITION STATEMENT
Edition statement NA
260 ## - PUBLICATION, DISTRIBUTION, ETC.
Place of publication, distribution, etc. New York:
Name of publisher, distributor, etc. Springer
Date of publication, distribution, etc. ,2018.
300 ## - PHYSICAL DESCRIPTION
Extent Various pages
Other physical details N.A
Type of unit Original
500 ## - GENERAL NOTE
General note Includes Index
600 ## - SUBJECT ADDED ENTRY--PERSONAL NAME
Personal name Social Sciences
650 ## - SUBJECT ADDED ENTRY--TOPICAL TERM
Topical term or geographic name entry element Computer science, information & general works
942 ## - ADDED ENTRY ELEMENTS (KOHA)
Koha item type Books
Holdings
Withdrawn status Lost status Damaged status Not for loan Collection Home library Current library Date acquired Source of acquisition Cost, normal purchase price Total checkouts Full call number Barcode Date last seen Price effective from Koha item type
        Social Sciences UITU Library UITU Library 09/25/2019 Global Link Information Services 1596.33   025.04 BAL Q15057 09/25/2024   Books

Powered by Koha